|
|
|
|
| LEADER |
00000nab a2200000 i 4500 |
| 001 |
publ203 |
| 005 |
20170403201411.0 |
| 008 |
170403s2008 hu o 000 zxx d |
| 022 |
|
|
|a 1587-5881
|
| 040 |
|
|
|a BGE Publikációtár Repozitórium
|b hun
|
| 100 |
1 |
|
|a Szilágyi Anikó
|
| 245 |
1 |
2 |
|a A Career Moves - Karrierlépések c. alternatív funkcionális tantárgy bemutatása
|c Szilágyi Anikó
|h [elektronikus dokumentum]
|
| 260 |
|
|
|a Budapesti Gazdasági Főiskola Külkereskedelmi Kar
|c 2008
|
| 300 |
|
|
|a 28-30
|
| 490 |
0 |
|
|a Szakmai Füzetek 24
|v No. 24.
|
| 650 |
|
4 |
|a neveléstudományok
|
| 695 |
|
|
|a Álláskeresés
|
| 695 |
|
|
|a Kurzus
|
| 856 |
4 |
0 |
|u https://publikaciotar.uni-bge.hu/id/eprint/203/1/szilagyi_a%20career%20moves.pdf
|z Dokumentum-elérés
|